| 000 | 00368nam a2200145Ia 4500 | ||
|---|---|---|---|
| 008 | 150301s2013 xx 000 0 und d | ||
| 082 |
_a614 _bM13T |
||
| 100 | _aTIWARI, POORNIMA | ||
| 245 | _aMASTERING PRACTICALS COMMUNITY MEDICINE | ||
| 250 | _a1ST | ||
| 260 |
_bWOLTERS KLUWER _aINDIA _c2013 |
||
| 300 | _a215 | ||
| 650 | _aCOMMUNITY MEDICINE | ||
| 942 |
_2ddc _cBK _029 |
||
| 999 |
_c6720 _d6720 |
||